000
00256nam a22000977a 4500
008
231128b |||||||| |||| 00| 0 eng d
082
_a
DG AME /
_b
VANC
100
_a
Vance, James
_e
Autor
_9
43009
245
_a
Contra las cuerdas /
_c
James Vance
942
_2
ddc
999
_c
30431
_d
16815